Vista normal
Vista MARC
Entrada Topical Term
Número de registros utilizados en: 2
001 - CONTROL NUMBER
- control field: 2693
003 - CONTROL NUMBER IDENTIFIER
- control field: OSt
005 - DATE AND TIME OF LATEST TRANSACTION
- control field: 20200407142617.0
008 - FIXED-LENGTH DATA ELEMENTS
- fixed length control field: 200407|| aca||aabn | a|a d
040 ## - CATALOGING SOURCE
- Original cataloging agency: OSt
- Transcribing agency: OSt
150 ## - HEADING--TOPICAL TERM
- Topical term or geographic name entry element: Iglesia Católica
670 ## - SOURCE DATA FOUND
- Source citation: Work cat.: (OSt)3711: Jaramillo, Francisco de Paula, autor 2691, La democracia cristiana :, 1962